[Event "TUR-chT2"]
[Site "Konya"]
[Date "2018.07.12"]
[Round "5.7"]
[White "Yatkin, Osman"]
[Black "Mete, Onur Koray"]
[Result "0-1"]
[WhiteElo "1689"]
[BlackElo "1744"]
[PlyCount "86"]
[EventDate "2018.07.10"]
[EventType "team-swiss"]
[EventRounds "9"]
[EventCountry "TUR"]
[SourceTitle "EXT 2019"]
[Source "ChessBase"]
[SourceDate "2018.10.10"]
[SourceVersion "1"]
[SourceVersionDate "2018.10.10"]
[SourceQuality "1"]
[WhiteTeam "Mugla Dalaman"]
[BlackTeam "Derince Turgut"]
[WhiteTeamCountry "TUR"]
[BlackTeamCountry "TUR"]

1. d4 Nf6 2. Nf3 d5 3. c4 g6 4. Nc3 Bg7 5. g3 0-0 6. c5 Re8 7. Bg2 Nbd7 8. 0-0 c6 9. b4 e5 10. dxe5 Nxe5 11. Nd4 Bd7 12. Bg5 Qc8 13. Re1 Bh3 14. Rc1 Bxg2 15. Kxg2 Qd7 16. Nb3 Qf5 17. Bxf6 Bxf6 18. e4 dxe4 19. Nxe4 Be7 20. Nd4 Qd7 21. f4 Ng4 22. h3 Nf6 23. Nf3 Nd5 24. Qb3 Rad8 25. Rcd1 Qc7 26. Nc3 Nf6 27. Ne5 Rf8 28. Rxd8 Qxd8 29. Rd1 Qc7 30. Qc4 b6 31. cxb6 Qxb6 32. Nd7 Nxd7 33. Rxd7 Qxb4 34. Qxc6 Qb2+ 35. Kf3 Bb4 36. Nd5 a5 37. Nf6+ Kh8 38. Qb6 Qxa2 39. Qd4 Qb3+ 40. Kg4 Bc3 41. Qd6 Qb4 42. Qc6 Qb2 43. Ne4 Qe2+ 0-1

[Event "TUR-chT2"]
[Site "Konya"]
[Date "2018.07.10"]
[Round "1.19"]
[White "Atabay, Kagan"]
[Black "Yatkin, Osman"]
[Result "0-1"]
[WhiteElo "1538"]
[BlackElo "1689"]
[PlyCount "70"]
[EventDate "2018.07.10"]
[EventType "team-swiss"]
[EventRounds "9"]
[EventCountry "TUR"]
[SourceTitle "EXT 2019"]
[Source "ChessBase"]
[SourceDate "2018.10.10"]
[SourceVersion "1"]
[SourceVersionDate "2018.10.10"]
[SourceQuality "1"]
[WhiteTeam "Akcakoca Palamut Bric"]
[BlackTeam "Mugla Dalaman"]
[WhiteTeamCountry "TUR"]
[BlackTeamCountry "TUR"]

1. Nf3 d5 2. c4 d4 3. d3 c5 4. g3 Nc6 5. Bg2 g6 6. 0-0 Bg7 7. Na3 e5 8. Nc2 f5 9. Rb1 a5 10. Na3 Nf6 11. Nb5 Qe7 12. Bd2 0-0 13. Ng5 h6 14. Nf3 Be6 15. Qc1 Kh7 16. b3 Rac8 17. h3 b6 18. a3 e4 19. Ne1 Bd7 20. Bf4 Ne5 21. a4 g5 22. Bd2 Ng6 23. e3 Bxb5 24. axb5 Qc7 25. exd4 cxd4 26. dxe4 fxe4 27. Nc2 Rcd8 28. Qe1 Rfe8 29. Rc1 e3 30. fxe3 Ne5 31. Rb1 Nd3 32. Qe2 dxe3 33. Nxe3 Qxg3 34. Rf3 Nf4 35. Be1 Nxe2+ 0-1